| 000 | 00380nam a22001457a 4500 | ||
|---|---|---|---|
| 003 | MACL | ||
| 005 | 20191115172510.0 | ||
| 008 | 191115b xxu||||| |||| 00| 0 eng d | ||
| 040 | _c MACL | ||
| 100 |
_aMishra, Srikant _977145 |
||
| 245 | _aVaranasi : Banaras The City of Temples | ||
| 260 |
_aAllahabad _bSanket Pra _c2014 |
||
| 650 |
_aHindu Religion _9350 |
||
| 942 |
_2ddc _cBK |
||
| 999 |
_c61316 _d61316 |
||